000 00663nam a2200193 a 4500
001 000024194
005 20200930022810.0
008 110120s1958 sp r 000 | spa d
040 _aDO-SdBNP
_bspa
_cBNPHU
082 _a225
_bG475i
100 1 _aGill, Everett,
_d1869-1958
_949694
245 1 0 _aIglesia del nuevo testamento o misiones domésticas y foráneas del primer siglo /
_cEverett Gill.
260 _aTexas, (Estados Unidos) :
_bCasa Bautista de Publicaciones,
_c1958.
300 _a126 p. ;
_c19 cm.
650 4 _aNuevo testamento
_949695
650 4 _aIglesia católica
_xHistoria
_94242
650 4 _aInterpretación de la biblia
_91107
049 _aBNGR
999 _c23688
_d23688